KOHA-Header-6

The Philosophy Book: Big Ideas Simply Explained (Record no. 13852)

000 -LEADER
fixed length control field 00269nam a22001217a 4500
020 ## - INTERNATIONAL STANDARD BOOK NUMBER
ISBN 978-1465458551
082 ## - DEWEY DECIMAL CLASSIFICATION NUMBER
Classification number 100
100 ## - MAIN ENTRY--AUTHOR NAME
Personal name DK
245 ## - TITLE STATEMENT
Title The Philosophy Book: Big Ideas Simply Explained
260 ## - PUBLICATION, DISTRIBUTION, ETC. (IMPRINT)
Place of publication New York
Name of publisher DK
Year of publication 2017
300 ## - PHYSICAL DESCRIPTION
Number of Pages 352 pages
942 ## - ADDED ENTRY ELEMENTS (KOHA)
Koha item type Books
Holdings
Withdrawn status Lost status Collection code Permanent Location Current Location Shelving location Date acquired Full call number Accession Number Koha item type
    Psychology MAJU MAJU Shelf No.B35 2024-01-01 100 10954 Books

Powered by Koha